| 000 | 01798nam a2200469 a 4500 | ||
|---|---|---|---|
| 001 | UByD002540 | ||
| 003 | AR-LpoUNG | ||
| 005 | 20240315102600.0 | ||
| 008 | 240312s2015||||ag |||||||||||||||||spa d | ||
| 020 | _a9789079475086 | ||
| 040 |
_aAR-LpoUNG _bspa _cAR-LpoUNG _eaacr |
||
| 041 | _aspa | ||
| 044 | _aag | ||
| 082 | 0 | _a980.013 74res | |
| 100 | 1 |
_aEscamilla González, Iván _ecoor. |
|
| 245 | 1 | 0 |
_aResonancias imperiales : _bAmérica y el Tratado de Utrecht de 1713 |
| 250 | _a1ra. ed. | ||
| 260 |
_aMéxico, D.F. : _bInstituto de Investigaciones históricas Dr. José María Luis Mora : Universidad Nacional Autónoma de México. Instituo de Investigaciones Históricas, _c2015. |
||
| 300 |
_a333 p. : _btbls., mapas |
||
| 520 | _aSe aborda, desde el punto de vista de la historiografía, el impacto que tuvo el Tratado de Utrecht tuvo sobre el terriotorio americano, es decir, focaliza las implicancias de dicho acuerdo con a América como centro del análisis. A su vez, los textos reunidos proponen que los efectos producidos por el sistema de Utrecht en América repercutieron en Europa. | ||
| 650 | 4 | _aAMERICA LATINA | |
| 650 | 4 | _aANALISIS HISTORICO | |
| 650 | 4 | _aHISTORIOGRAFIA | |
| 650 | 4 | _aASPECTOS POLITICOS | |
| 650 | 4 | _aASPECTOS SOCIALES | |
| 650 | 4 | _aREFORMA POLITICA | |
| 650 | 4 | _aDESARROLLO POLITICO | |
| 650 | 4 | _aELITE | |
| 650 | 4 | _aFACTORES CULTURALES | |
| 650 | 4 | _aDERECHO INTERNACIONAL | |
| 650 | 4 | _aHISTORIA SOCIAL | |
| 650 | 4 | _aHISTORIA POLITICA | |
| 650 | 4 | _aACUERDOS INTERNACIONALES | |
| 650 | 4 | _aPODER POLITICO | |
| 650 | 4 | _aSOCIEDAD | |
| 650 | 4 | _aMONARQUIA | |
| 650 | 4 | _aSISTEMAS POLITICOS | |
| 700 | 1 |
_aSouto Mantecón, Matilde _ecoor. |
|
| 700 | 1 |
_aPinzón Ríos, Guadalupe _ecoor. |
|
| 905 | _a57590 | ||
| 942 |
_cLIB _2ddc |
||
| 999 |
_c65064 _d65064 |
||